Guess the Taylor Swift Song (Fearless TV) 20 - Statistics

General Stats
  • This quiz has been taken 7 times
  • The average score is 259 of 295
Answer Stats
Answer % Correct
a
100%
all
100%
and
100%
And
100%
be
100%
best
100%
but
100%
But
100%
change
100%
do
100%
every
100%
get
100%
gets
100%
got
100%
hands
100%
here
100%
I
100%
in
100%
it
100%
It's
100%
it's
100%
I've
100%
know,
100%
last
100%
like
100%
long
100%
lost
100%
me
100%
me'
100%
met
100%
never
100%
no
100%
of
100%
off
100%
on
100%
Once
100%
one
100%
out,
100%
out
100%
over
100%
so
100%
So
100%
still
100%
Still
100%
that
100%
the
100%
The
100%
then
100%
They
100%
time,
100%
to
100%
too
100%
Was
100%
was
100%
we
100%
Were
100%
what
100%
where
100%
With
100%
you
100%
You
100%
you,
100%
your
100%
air
75%
amount
75%
around
75%
been
75%
burned
75%
can
75%
can't
75%
Cause
75%
clean
75%
day
75%
did,
75%
don't
75%
drop
75%
find
75%
found
75%
freedom
75%
Had
75%
had
75%
has
75%
Held
75%
held
75%
how
75%
I'd
75%
June
75%
learned
75%
leave
75%
lived,
75%
Now
75%
old
75%
pavement
75%
pocket,
75%
rain
75%
really
75%
Reminds
75%
reminds
75%
right
75%
see,
75%
Shouldn't
75%
tears
75%
turn
75%
used
75%
wasted
75%
way
75%
wish
75%
worst
75%
bathroom
50%
breath
50%
breathe
50%
child
50%
county
50%
cried
50%
dollar
50%
dried
50%
em
50%
God
50%
graffiti
50%
grin
50%
knows,
50%
meant
50%
melted
50%
muddy
50%
pockets
50%
roads
50%
scratch
50%
smiled,
50%
spent
50%
stain,
50%
stalls
50%
stones,
50%
Swore
50%
tires
50%
traded
50%
underneath
50%
walls
50%
watched
50%
die
25%
lied,
25%
myself
25%
part
25%
No matching quizzes found
Score Distribution
Percent of People with Each Score
Percentile by Number Answered
Your Score History
You have not taken this quiz